书目信息 |
| 题名: |
器乐曲式学
|
|
| 作者: | Leo , 莱奥 著 ;张瑞 译 | |
| 分册: | ||
| 出版信息: | 北京 人民音乐出版社 2002 |
|
| 页数: | 295页 | |
| 开本: | 20cm | |
| 丛书名: | ||
| 单 册: | ||
| 中图分类: | J614.3 | |
| 科图分类: | ||
| 主题词: | 器乐曲--曲式学--教材 , CT--S060689--曲式学 , CT--S058989--器乐曲 | |
| 电子资源: | ||
| ISBN: | 7-103-00255-X | |
| 000 | 00884nam0 2200265 450 | |
| 001 | 002190382 | |
| 005 | 20070806093409.89 | |
| 010 | @a7-103-00255-X@dCNY15.20 | |
| 100 | @a20021111d2002 em y0chiy0110 ea | |
| 101 | 1 | @achi@chun |
| 102 | @aCN@b110000 | |
| 105 | @ay zg 000yy | |
| 200 | 1 | @a器乐曲式学@9qi yue qu shi xue@f(匈)魏纳·莱奥(Weiner Leo)著@g张瑞译 |
| 210 | @a北京@c人民音乐出版社@d2002@h2007 | |
| 215 | @a295页@d20cm | |
| 330 | @a本书包括两部分,理论部分对音乐的主题、歌谣曲式、奏鸣曲式、回旋曲式、套曲曲式进行了阐述,实习部分结合贝多芬的著名钢琴奏鸣曲进行了实际的曲式分析。 | |
| 606 | 0 | @a器乐曲@x曲式学@j教材 |
| 606 | 0 | @2CT@3S060689@a曲式学 |
| 606 | 0 | @2CT@3S058989@a器乐曲 |
| 690 | @aJ614.3@v4 | |
| 701 | 1 | @aLeo@bWeiner@4著 |
| 701 | 1 | @a莱奥@9lai ao@bW.@4著 |
| 702 | 0 | @a张瑞@9zhang rui@4译 |
| 801 | 0 | @aCN@bNLC@c20070806 |
| 905 | @a10447@dJ614.3@e515 | |
| 器乐曲式学/(匈)魏纳·莱奥(Weiner Leo)著/张瑞译.-北京:人民音乐出版社,2002(2007) |
| 295页;20cm |
| ISBN 7-103-00255-X:CNY15.20 |
| 本书包括两部分,理论部分对音乐的主题、歌谣曲式、奏鸣曲式、回旋曲式、套曲曲式进行了阐述,实习部分结合贝多芬的著名钢琴奏鸣曲进行了实际的曲式分析。 |
| ● |
| 相关链接 |
|
|
|
|
正题名:器乐曲式学
索取号:J614.3/515
 
预约/预借
| 序号 | 登录号 | 条形码 | 馆藏地/架位号 | 状态 | 备注 |
| 1 | 0806735 | 208067358 | 第一样本阅览室/ [索取号:J614.3/515] | 在馆 | |
| 2 | 0806736 | 208067367 | 第一借阅区/ [索取号:J614.3/515] | 在馆 | |
| 3 | 0806737 | 208067376 | 第一借阅区/ [索取号:J614.3/515] | 在馆 | |
| 4 | 0806738 | 208067385 | 第一借阅区/ [索取号:J614.3/515] | 在馆 | |
| 5 | 0806739 | 208067394 | 第一借阅区/ [索取号:J614.3/515] | 在馆 | |
| 6 | 0806740 | 208067401 | 第一借阅区/ [索取号:J614.3/515] | 在馆 | |
| 7 | 0806741 | 208067410 | 第一借阅区/ [索取号:J614.3/515] | 在馆 | |
| 8 | 0806742 | 208067429 | 密集书库-音乐系/ [索取号:J614.3/515] | 在馆 | |
| 9 | 0806743 | 208067438 | 密集书库-音乐系/ [索取号:J614.3/515] | 在馆 | |
| 10 | 0806744 | 208067447 | 密集书库-音乐系/ [索取号:J614.3/515] | 在馆 |